000 00844nam a2200253Ia 4500
003 OSt
005 20220923223124.0
006 a|||||r|||| 00| 0
007 ta
008 220922b |||||||| |||| 00| 0 hin d
024 _a211,250
037 _cTextual
040 _aARTS
_cARTS
_bhin
041 _2hin
_ahin
082 _aO152,3N368,ET, M4
100 _aश्रीवास्तव, रमा शंकर
_9160504
245 0 _aएक टुकड़ा जमीन
246 _aEk ṭukaड़ā jamīna
260 _aदिल्ली
_b प्रभात प्रका0
_c1984
300 _a335पृ.
_ccm.
650 _aहिन्दी साहित्य
_9156264
942 _hO152,3N368,ET, M4
_cTEXL
_2CC
999 _c361529
_d361529